Expositio super Apocalypsi / Arnaldi de Villanova ; cura et studio Ioachimi Carreras i Artau ; cooperantibus Olga Marinelli Mercacci et Iosepho M. Morató i Thomàs
Descripción Física:
XXIV, 304 p. ; 26 cm
Otros Autores:
Carreras i Artau, Joaquim, ed
,
Marinelli Mercacci, Olga
,
Morató i Thomàs, Josep M. I
Materias:
Bíblia. N.T., Apocalipsi
MARC
| LEADER | 00000nam a2200000Ia 4500 | ||
|---|---|---|---|
| 001 | 10401 | ||
| 008 | 160829s1971 xx 000 0 cat d | ||
| 080 | |a F-1-34 | ||
| 100 | 1 | |a Vilanova, Arnau de, |d aproximadament 1238-1311 |9 36821 | |
| 245 | |a Expositio super Apocalypsi / Arnaldi de Villanova ; cura et studio Ioachimi Carreras i Artau ; cooperantibus Olga Marinelli Mercacci et Iosepho M. Morató i Thomàs | ||
| 260 | |a Barcelona : |b Institut d'Estudis Catalans, |c 1971 | ||
| 300 | |a XXIV, 304 p. ; |c 26 cm | ||
| 490 | |a Corpus Philosophorum Medii Aevi. Arnaldi de Villanova : Scripta Spiritualia ; I | ||
| 650 | |a Bíblia. N.T., Apocalipsi |9 36822 | ||
| 700 | |a Carreras i Artau, Joaquim, ed. |9 36823 | ||
| 700 | |a Marinelli Mercacci, Olga |9 36824 | ||
| 700 | |a Morató i Thomàs, Josep M. I |9 36825 | ||
| 710 | 2 | |a Institut d'Estudis Catalans |9 52284 | |
| 901 | |a Arxiu | ||
| 942 | |n 1 | ||
| 952 | |0 0 |1 0 |4 0 |6 F134 |7 1 |9 47533 |a Arxiu |b Arxiu |d 2016-12-01 |l 0 |o F-1-34 |p 10401 |r 2016-12-01 00:00:00 |w 2016-12-01 |y ARXIU | ||
| 999 | |c 51332 |d 51332 | ||